000 01369nam a2200373 a 4500
008 951123s1984||||[C 0 slo c
020 _c49 Kčs.
_q(3000 výtl.)
040 _aSNK
_bslo
_cSNK
_eAACR2
041 1 _aslo
_hslo
080 _a639.2:39(437.6)
080 _a39(437.6)
080 _a39
080 _a639.2(437.6)
100 1 _aMjartan, Ján
_4aut
245 1 0 _aĽudové rybárstvo na Slovensku
_cJán Mjartan ; Jozef Szabó, Pavol Adamec, Mária Adámyová, J. Boďa, Milan Bohucký, Ján Dérer, K. Dráč, Ján Halaša, Ján Hanušin, František Hideg, Michal Hvizd
250 _a1., vyd.
260 _aBratislava
_bVeda
_c1984
_eMartin
_fTlačiarne SNP
300 _a379 s., 23,55 AH
_bSch.
_c20 cm
490 0 _aKlenotnica slovenskej ľudovej kultúry
_vZv. 14.
500 _aFot. na front. Lit. 150. Pozn. Slovník nárečových a odb. výrazov. Rus. a nem. res. 150 zázn. v slov., češ., poľ., angl., nem., maď. a poľ.
700 1 _aSzabó, Jozef
_4bkd
700 1 _aAdamec, Pavol
_4bkd
700 1 _aAdámyová, Mária
_4bkd
700 1 _aBoďa, J.
_4bkd
700 1 _aBohucký, Milan
_4bkd
700 1 _aDérer, Ján
_4bkd
700 1 _aDráč, K.
_4bkd
700 1 _aHalaša, Ján
_4bkd
700 1 _aHanušin, Ján
_4bkd
700 1 _aHideg, František
_4bkd
700 1 _aHvizd, Michal
_4bkd
044 _axo
_cSK
958 _aA
999 _c19723
_d19723